Statistics for banban quiz chapter 1 - 3

Click here to take the quiz!

General Stats

  • This quiz has been taken 40 times
  • The average score is 12 of 16

Answer Stats

Answer% Correct
banban
100%
evil banban
100%
slow seline
84%
stinger flynn
84%
jumbo josh
81%
nabnab
81%
banbaleena
77%
opila bird
77%
nabnaleena
74%
sheriff
74%
zolphius
74%
captain fiddles
71%
tarta bird
71%
chamataki and tamataki
68%
queen bouncelia
58%
naughty ones
48%

Score Distribution

Percentile by Number Answered

Percent of People with Each Score

Your Score History

You have not taken this quiz